000 00273nam a2200085Ia 4500
008 220120s9999||||xx |||||||||||||| ||und||
100 _aAmith Kumar Alokh
_912188
245 0 _aSmart card based electronic voting mechine
260 _aCoorg Institute of Technology
_bPonnampet
_c2009
999 _c137774
_d137774